UBT Library

Employment Law / (Record no. 378)

000 -LEADER
fixed length control field 00549nam a22002057a 4500
008 - FIXED-LENGTH DATA ELEMENTS--GENERAL INFORMATION
fixed length control field 131129b xxu||||| |||| 00| 0 eng d
020 ## - INTERNATIONAL STANDARD BOOK NUMBER
International Standard Book Number 0406922381
041 0# - LANGUAGE CODE
Language code of text/sound track or separate title eng
080 ## - UNIVERSAL DECIMAL CLASSIFICATION NUMBER
Universal Decimal Classification number 349.2
100 1# - Rafti
Rafti Lockton, Deborah
240 ## - UNIFORM TITLE
Uniform title <a href="Butterworths student statutes.">Butterworths student statutes.</a>
245 10 - TITLE STATEMENT
Title Employment Law /
Statement of responsibility, etc deborah Lockton.
250 ## -
-- third edition
260 ## -
-- London :
-- Butterworths ;
-- 2000.
300 ## -
-- 967 f. :
-- 24 cm.
490 ## -
-- Butterworths student statutes.
500 ## -
-- Preface : f. V
650 #0 -
-- Ligji i punës
942 ## - ADDED ENTRY ELEMENTS (KOHA)
Source of classification or shelving scheme
Item type Books
Holdings
Withdrawn status Lost status Source of classification or shelving scheme Damaged status Not for loan Collection code Permanent location Current location Shelving location Date acquired Total Checkouts Full call number Barcode Date last seen Price effective from Koha item type
          Koleksioni i përgjithshem UBT - Prishtine UBT - Prishtine Koleksioni i përgjithshem 11/29/2013   349.2 LOC 001-000511 11/29/2013 11/29/2013 Books
          Koleksioni i përgjithshem UBT - Prishtine UBT - Prishtine Koleksioni i përgjithshem 11/29/2013   349.2 LOC 001-000510 11/29/2013 11/29/2013 Books
UBT Library © 2015-2024. All rights reserved University Education for Business and Technology